[Event "Tata Steel Masters"]
[Date "2026.01.20"]
[White "Sindarov, Javokhir"]
[Black "Erdogmus, Yagiz Kaan"]
[WhiteElo "2726"]
[BlackElo "2658"]
[Round "5.5.1"]
[Result "1-0"]

e4 {[%clk 01:59:56] [%emt 00:00:03]} e5 {[%clk 01:59:55] [%emt 00:00:06]} Bc4
{[%clk 01:59:34] [%emt 00:00:21]} Nf6 {[%clk 01:59:51] [%emt 00:00:04]} d3
{[%clk 01:59:29] [%emt 00:00:05]} c6 {[%clk 01:59:12] [%emt 00:00:39]} Nf3
{[%clk 01:58:14] [%emt 00:01:15]} d5 {[%clk 01:59:08] [%emt 00:00:05]} Bb3
{[%clk 01:58:09] [%emt 00:00:05]} Bb4+ {[%clk 01:58:15] [%emt 00:00:53]} Bd2
{[%clk 01:56:36] [%emt 00:01:33]} Bxd2+ {[%clk 01:58:10] [%emt 00:00:05]} Nbxd2
{[%emt 00:04:57]} Nbd7 {[%clk 01:57:20] [%emt 00:00:37]} O-O {[%clk 01:48:07]
[%emt 00:03:45]} O-O {[%clk 01:57:18] [%emt 00:00:03]} Re1 {[%clk 01:46:47]
[%emt 00:01:19]} Re8 {[%clk 01:53:33] [%emt 00:03:45]} d4 {[%clk 01:44:36] [%emt
00:02:11]} exd4 {[%clk 01:45:19] [%emt 00:08:14]} exd5 {[%clk 01:44:19] [%emt
00:00:17]} Rxe1+ {[%clk 01:37:14] [%emt 00:08:06]} Qxe1 {[%clk 01:44:03] [%emt
00:00:16]} Nxd5 {[%clk 01:36:55] [%emt 00:00:19]} Bxd5 {[%clk 01:34:45] [%emt
00:09:18]} cxd5 {[%clk 01:36:54] [%emt 00:00:02]} Nxd4 {[%clk 01:33:46] [%emt
00:00:58]} Nf6 {[%clk 01:36:26] [%emt 00:00:27]} Nf1 {[%clk 01:23:06] [%emt
00:10:41]} Qb6 {[%clk 01:32:29] [%emt 00:03:57]} Nb3 {[%clk 01:21:57] [%emt
00:01:08]} a5 {[%clk 00:59:53] [%emt 00:32:37]} Qe3 {[%clk 01:19:33] [%emt
00:02:23]} Qb5 {[%clk 00:52:29] [%emt 00:07:24]} Qd4 {[%clk 01:12:29] [%emt
00:07:04]} a4 {[%clk 00:46:59] [%emt 00:05:30]} Nbd2 {[%clk 01:11:18] [%emt
00:01:11]} Be6 {[%clk 00:40:47] [%emt 00:06:13]} a3 {[%clk 01:03:59] [%emt
00:07:19]} Rc8 {[%clk 00:31:16] [%emt 00:09:31]} Ne3 {[%clk 01:03:17] [%emt
00:00:42]} h5 {[%clk 00:29:08] [%emt 00:02:08]} h3 {[%clk 01:01:34] [%emt
00:01:42]} Ne4 {[%clk 00:26:59] [%emt 00:02:09]} Rd1 {[%clk 00:53:28] [%emt
00:08:06]} Nd6 {[%clk 00:25:13] [%emt 00:01:47]} Qe5 {[%clk 00:49:44] [%emt
00:03:44]} Qb6 {[%clk 00:23:41] [%emt 00:01:33]} Nf3 {[%clk 00:44:44] [%emt
00:04:59]} Nc4 {[%clk 00:22:24] [%emt 00:01:17]} Nxc4 {[%clk 00:44:16] [%emt
00:00:28]} Rxc4 {[%clk 00:22:20] [%emt 00:00:04]} c3 {[%clk 00:31:35] [%emt
00:12:41]} Qxb2 {[%clk 00:15:15] [%emt 00:07:06]} Ng5 {[%clk 00:30:20] [%emt
00:01:14]} Qb6 {[%clk 00:13:00] [%emt 00:02:14]} Rxd5 {[%clk 00:28:46] [%emt
00:01:35]} Rc8 {[%clk 00:12:17] [%emt 00:00:43]} Rd4 {[%clk 00:19:09] [%emt
00:09:37]} Qb1+ {[%clk 00:10:36] [%emt 00:01:41]} Kh2 {[%clk 00:19:01] [%emt
00:00:08]} Qf5 {[%clk 00:10:33] [%emt 00:00:03]} Qe3 {[%clk 00:18:55] [%emt
00:00:06]} Bd5 {[%clk 00:07:47] [%emt 00:02:46]} g4 {[%clk 00:14:18] [%emt
00:04:37]} hxg4 {[%clk 00:06:49] [%emt 00:00:59]} hxg4 {[%clk 00:14:12] [%emt
00:00:06]} Qd7 {[%clk 00:06:48]} Qd3 {[%clk 00:11:43] [%emt 00:02:29]} Qc7+
{[%clk 00:05:08] [%emt 00:01:41]} Kg1 {[%clk 00:09:27] [%emt 00:02:16]} Be6
{[%clk 00:05:07]} c4 {[%clk 00:00:54] [%emt 00:08:34]} Kf8 {[%clk 00:04:05]
[%emt 00:01:02]} Nxe6+ {[%clk 00:00:45] [%emt 00:00:08]} fxe6 {[%clk 00:04:04]}
Rd7 {[%clk 00:00:44] [%emt 00:00:01]} Qf4 {[%clk 00:03:37] [%emt 00:00:28]} Qg6
{[%clk 00:30:59] [%emt 00:00:15]} Qf6 {[%clk 00:33:13] [%emt 00:00:53]} Qh7
{[%clk 00:30:48] [%emt 00:00:39]} Qh6 {[%clk 00:31:03] [%emt 00:02:40]} Qe4
{[%clk 00:31:00] [%emt 00:00:17]} Kg8 {[%clk 00:14:55] [%emt 00:16:42]} Kg2
{[%clk 00:26:22] [%emt 00:05:07]} b6 {[%clk 00:13:12] [%emt 00:02:14]} Rd6
{[%clk 00:16:14] [%emt 00:10:36]} Rf8 {[%clk 00:13:23] [%emt 00:00:19]} Rxb6
{[%clk 00:12:59] [%emt 00:03:45]} Rf4 {[%clk 00:05:52] [%emt 00:08:01]} Qe2
{[%clk 00:12:40] [%emt 00:00:49]} Rd4 {[%clk 00:05:57] [%emt 00:00:26]} c5
{[%clk 00:08:18] [%emt 00:04:51]} Qg5 {[%clk 00:05:20] [%emt 00:01:07]} Qxe6+
{[%clk 00:07:21] [%emt 00:01:26]} Kh7 {[%clk 00:05:48] [%emt 00:00:02]} f3
{[%clk 00:04:27] [%emt 00:03:25]} Qd2+ {[%clk 00:04:12] [%emt 00:02:05]} Kh3
{[%clk 00:04:51] [%emt 00:00:06]} Qf4 {[%clk 00:04:12] [%emt 00:00:30]} Qg6+
{[%clk 00:03:08] [%emt 00:02:13]} Kg8 {[%clk 00:04:28] [%emt 00:00:15]} Qe8+
{[%clk 00:01:33] [%emt 00:02:06]} Kh7 {[%clk 00:04:56]} Qh5+ {[%clk 00:01:50]
[%emt 00:00:12]} Kg8 {[%clk 00:05:25] [%emt 00:00:01]} Qf5 {[%clk 00:02:14]
[%emt 00:00:06]} Qxf5 {[%clk 00:05:37] [%emt 00:00:18]} gxf5 {[%clk 00:02:40]
[%emt 00:00:04]} Rc4 {[%clk 00:01:17] [%emt 00:04:50]} c6 {[%clk 00:01:05] [%emt
00:02:05]} Kf7 {[%clk 00:01:33] [%emt 00:00:15]} Ra6 {[%clk 00:00:38] [%emt
00:00:58]} Kf6 {[%clk 00:01:11] [%emt 00:00:51]} Ra5 {[%clk 00:00:33] [%emt
00:00:34]} Rxc6 {[%clk 00:00:40] [%emt 00:01:02]} Kg4 {[%clk 00:01:01] [%emt
00:00:02]} Rc4+ {[%clk 00:00:56] [%emt 00:00:14]} f4 {[%clk 00:01:28] [%emt
00:00:03]} Rd4 {[%clk 00:00:36] [%emt 00:00:50]} Ra6+ {[%clk 00:01:55] [%emt
00:00:03]} Kf7 {[%clk 00:00:47] [%emt 00:00:19]} Kg5 {[%clk 00:02:21] [%emt
00:00:03]} Rd1 {[%clk 00:00:34] [%emt 00:00:43]} Ra7+ {[%clk 00:02:42] [%emt
00:00:09]} Kf8 {[%clk 00:01:03] [%emt 00:00:01]} Rxa4 {[%clk 00:01:45] [%emt
00:01:27]} Rg1+ {[%clk 00:01:32]} Kh5 {[%clk 00:02:04] [%emt 00:00:10]} Kf7
{[%clk 00:01:41] [%emt 00:00:22]} Ra6 {[%clk 00:02:29] [%emt 00:00:05]} Rg2
{[%clk 00:00:46] [%emt 00:01:26]} a4 {[%clk 00:02:50] [%emt 00:00:08]} Rg3
{[%clk 00:00:33] [%emt 00:00:43]} a5 {[%clk 00:03:17] [%emt 00:00:03]} Ra3
{[%clk 00:00:34] [%emt 00:00:29]} Ra8 {[%clk 00:02:53] [%emt 00:00:54]} Kf6
{[%clk 00:00:46] [%emt 00:00:18]} Kg4 {[%clk 00:03:17] [%emt 00:00:06]} Kf7
{[%clk 00:00:34] [%emt 00:00:43]} a6 {[%clk 00:03:34] [%emt 00:00:14]} Kf6
{[%clk 00:00:55] [%emt 00:00:08]} a7 {[%clk 00:03:56] [%emt 00:00:08]} Kf7
{[%clk 00:01:25]} f6 {[%clk 00:03:07] [%emt 00:01:18]} gxf6 {[%clk 00:01:43]
[%emt 00:00:12]} Rh8 {[%clk 00:03:31] [%emt 00:00:06]}

[Site "Europe Echecs"]

[Event "Tata Steel Masters"]
[Date "2026.01.17"]
[White "Keymer, Vincent"]
[Black "Aravindh, Chithambaram VR."]
[WhiteElo "2776"]
[BlackElo "2700"]
[Round "5.5.2"]
[Result "1-0"]

Nf3 {[%clk 01:59:57] [%emt 00:00:03]} Nf6 {[%clk 01:59:28] [%emt 00:00:32]} c4
{[%clk 01:59:52] [%emt 00:00:06]} e6 {[%clk 01:59:14] [%emt 00:00:13]} Nc3
{[%clk 01:59:39] [%emt 00:00:15]} d5 {[%clk 01:58:51] [%emt 00:00:22]} d4 {[%clk
01:59:34] [%emt 00:00:05]} Nbd7 {[%clk 01:58:17] [%emt 00:00:34]} cxd5 {[%clk
01:59:13] [%emt 00:00:22]} exd5 {[%clk 01:56:54] [%emt 00:01:22]} Bf4 {[%clk
01:59:05] [%emt 00:00:08]} Bb4 {[%clk 01:56:23] [%emt 00:00:31]} e3 {[%emt
00:01:57]} Ne4 {[%clk 01:55:45] [%emt 00:00:36]} Qc2 {[%clk 01:57:06] [%emt
00:00:05]} g5 {[%clk 01:55:04] [%emt 00:00:40]} Be5 {[%clk 01:57:02] [%emt
00:00:04]} O-O {[%clk 01:54:12] [%emt 00:00:51]} Bd3 {[%clk 01:49:02] [%emt
00:08:01]} g4 {[%clk 01:53:36] [%emt 00:00:35]} Bxe4 {[%clk 01:43:29] [%emt
00:05:34]} dxe4 {[%clk 01:53:26] [%emt 00:00:09]} Qxe4 {[%clk 01:41:40] [%emt
00:01:49]} f5 {[%clk 01:53:11] [%emt 00:00:15]} Qd5+ {[%clk 01:39:41] [%emt
00:02:00]} Rf7 {[%clk 01:53:05] [%emt 00:00:06]} Nd2 {[%clk 01:27:44] [%emt
00:11:57]} c6 {[%clk 01:52:48] [%emt 00:00:17]} Qc4 {[%clk 01:22:12] [%emt
00:05:33]} Nxe5 {[%clk 01:52:10] [%emt 00:00:38]} dxe5 {[%clk 01:22:10] [%emt
00:00:02]} a5 {[%clk 01:51:05] [%emt 00:01:05]} Rd1 {[%clk 01:14:23] [%emt
00:07:47]} b5 {[%clk 01:48:04] [%emt 00:03:00]} Qf4 {[%clk 01:08:14] [%emt
00:06:09]} Qe7 {[%clk 01:37:01] [%emt 00:11:01]} Ne2 {[%emt 00:19:57]} Bd7
{[%emt 00:33:32]} a3 {[%clk 00:47:53] [%emt 00:04:02]} Bc5 {[%clk 00:58:54]
[%emt 00:00:58]} Qg3 {[%clk 00:47:02] [%emt 00:00:51]} Re8 {[%clk 00:45:18]
[%emt 00:13:37]} f4 {[%clk 00:45:59] [%emt 00:01:03]} h5 {[%clk 00:31:57] [%emt
00:13:20]} Nf3 {[%clk 00:37:03] [%emt 00:08:55]} Rg7 {[%emt 00:04:15]} Ng5
{[%clk 00:32:39] [%emt 00:01:18]} h4 {[%clk 00:16:59] [%emt 00:13:50]} Qxh4
{[%clk 00:31:56] [%emt 00:00:43]} Bxe3 {[%clk 00:16:19] [%emt 00:00:40]} Qg3
{[%emt 00:03:04]} Rxg5 {[%clk 00:09:39] [%emt 00:03:48]} Qxe3 {[%clk 00:31:29]
[%emt 00:00:15]} Rh5 {[%clk 00:09:35] [%emt 00:00:03]} Kf2 {[%clk 00:28:49]
[%emt 00:02:41]} Be6 {[%clk 00:09:02] [%emt 00:00:33]} h3 {[%clk 00:25:33] [%emt
00:03:17]} gxh3 {[%clk 00:08:22] [%emt 00:00:39]} Rd6 {[%clk 00:22:30] [%emt
00:03:03]} Rd8 {[%clk 00:06:45] [%emt 00:01:37]} Nd4 {[%clk 00:19:16] [%emt
00:03:14]} Bd5 {[%clk 00:06:39] [%emt 00:00:05]} Qg3+ {[%clk 00:14:56] [%emt
00:04:21]} Kf8 {[%clk 00:06:34] [%emt 00:00:04]} Rf6+ {[%clk 00:12:41] [%emt
00:02:15]} Ke8 {[%clk 00:06:29] [%emt 00:00:05]} Rxh3 {[%clk 00:11:09] [%emt
00:01:33]} Rxh3 {[%clk 00:06:12] [%emt 00:00:17]} Qxh3 {[%clk 00:11:05] [%emt
00:00:04]} Qc5 {[%clk 00:06:04] [%emt 00:00:08]} Kg3 {[%clk 00:09:04] [%emt
00:02:02]}

[Site "Europe Echecs"]

[Event "Tata Steel Masters"]
[Date "2026.01.20"]
[White "Praggnanandhaa R"]
[Black "Giri, Anish"]
[WhiteElo "2758"]
[BlackElo "2760"]
[Round "5.5.3"]
[Result "1/2-1/2"]

e4 {[%clk 01:59:17] [%emt 00:00:42]} c5 {[%clk 01:59:52] [%emt 00:00:09]} Nf3
{[%clk 01:58:44] [%emt 00:00:33]} d6 {[%clk 01:59:46] [%emt 00:00:06]} d4 {[%clk
01:58:40] [%emt 00:00:04]} cxd4 {[%clk 01:59:43] [%emt 00:00:04]} Nxd4 {[%clk
01:58:34] [%emt 00:00:06]} Nf6 {[%clk 01:59:39] [%emt 00:00:03]} Nc3 {[%clk
01:58:26] [%emt 00:00:07]} a6 {[%clk 01:59:35] [%emt 00:00:05]} Bc4 {[%clk
01:58:21] [%emt 00:00:05]} e6 {[%clk 01:59:28] [%emt 00:00:06]} Bb3 {[%clk
01:58:06] [%emt 00:00:16]} b5 {[%clk 01:54:04] [%emt 00:05:24]} a3 {[%clk
01:57:51] [%emt 00:00:16]} Be7 {[%clk 01:51:21] [%emt 00:02:43]} Qf3 {[%clk
01:51:48] [%emt 00:06:02]} Qc7 {[%clk 01:24:40] [%emt 00:26:41]} Qg3 {[%clk
01:50:51] [%emt 00:00:56]} Nc6 {[%clk 01:09:10] [%emt 00:15:31]} Nxc6 {[%clk
01:50:16] [%emt 00:00:35]} Qxc6 {[%clk 01:09:09] [%emt 00:00:02]} O-O {[%clk
01:50:08] [%emt 00:00:08]} Nh5 {[%clk 00:58:01] [%emt 00:11:07]} Qd3 {[%clk
01:45:10] [%emt 00:04:58]} Nf6 {[%clk 00:57:04] [%emt 00:00:58]} f4 {[%clk
01:42:44] [%emt 00:02:26]} O-O {[%clk 00:40:37] [%emt 00:16:27]} f5 {[%clk
01:40:12] [%emt 00:02:32]} Rb8 {[%clk 00:38:34] [%emt 00:02:03]} Kh1 {[%clk
01:17:55] [%emt 00:22:17]} exf5 {[%clk 00:35:46] [%emt 00:02:48]} Bg5 {[%clk
01:14:35] [%emt 00:03:20]} Re8 {[%clk 00:30:47] [%emt 00:04:59]} Rae1 {[%clk
00:56:57] [%emt 00:17:38]} h6 {[%clk 00:27:51] [%emt 00:02:57]} Bxf6 {[%clk
00:50:02] [%emt 00:06:55]} Bxf6 {[%clk 00:27:48] [%emt 00:00:02]} exf5 {[%clk
00:45:05] [%emt 00:04:57]} Bb7 {[%clk 00:20:16] [%emt 00:07:32]} Bd5 {[%clk
00:38:27] [%emt 00:06:38]} Qc7 {[%clk 00:19:02] [%emt 00:01:14]} Bxb7 {[%clk
00:34:31] [%emt 00:03:56]} Rxe1 {[%clk 00:18:33] [%emt 00:00:29]} Rxe1 {[%clk
00:34:25] [%emt 00:00:05]} Bxc3 {[%clk 00:18:21] [%emt 00:00:13]} bxc3 {[%clk
00:34:15] [%emt 00:00:10]} Qxb7 {[%clk 00:18:00] [%emt 00:00:21]} f6 {[%clk
00:33:18] [%emt 00:00:58]} Qc6 {[%clk 00:14:58] [%emt 00:03:02]} Qg3 {[%clk
00:30:51] [%emt 00:02:27]} g6 {[%clk 00:14:53] [%emt 00:00:05]} Re7 {[%clk
00:22:03] [%emt 00:08:48]} Rc8 {[%clk 00:11:48] [%emt 00:03:05]} Qe3 {[%clk
00:16:27] [%emt 00:05:36]} Qc4 {[%clk 00:11:35] [%emt 00:00:12]} Kg1 {[%clk
00:12:12] [%emt 00:04:15]} Qc5 {[%clk 00:11:20] [%emt 00:00:15]} h4 {[%clk
00:09:44] [%emt 00:02:27]} h5 {[%clk 00:08:21] [%emt 00:03:00]} Qd4 {[%clk
00:05:00] [%emt 00:04:44]} Qxd4+ {[%clk 00:04:57] [%emt 00:03:24]} cxd4 {[%clk
00:04:59] [%emt 00:00:01]} d5 {[%clk 00:04:42] [%emt 00:00:16]} Rd7 {[%clk
00:04:25] [%emt 00:00:34]} Rxc2 {[%clk 00:04:29] [%emt 00:00:13]} Rd8+ {[%clk
00:04:08] [%emt 00:00:17]} Kh7 {[%clk 00:04:28]} Rd7 {[%clk 00:04:03] [%emt
00:00:05]} Kg8 {[%clk 00:04:18] [%emt 00:00:10]} Rd8+ {[%clk 00:04:00] [%emt
00:00:03]} Kh7 {[%clk 00:04:16] [%emt 00:00:02]} Rd7 {[%clk 00:03:56] [%emt
00:00:04]} Kg8 {[%clk 00:03:49] [%emt 00:00:27]}

[Site "Europe Echecs"]

[Event "Tata Steel Masters"]
[Date "2026.01.20"]
[White "Niemann, Hans Moke"]
[Black "Abdusattorov, Nodirbek"]
[WhiteElo "2725"]
[BlackElo "2751"]
[Round "5.5.4"]
[Result "1/2-1/2"]

e4 {[%clk 01:59:54] [%emt 00:00:04]} e5 {[%clk 01:59:44] [%emt 00:00:16]} Nf3
{[%clk 01:59:42] [%emt 00:00:12]} Nf6 {[%clk 01:59:37] [%emt 00:00:08]} Nxe5
{[%clk 01:59:23] [%emt 00:00:18]} d6 {[%clk 01:59:30] [%emt 00:00:07]} Nf3
{[%clk 01:59:15] [%emt 00:00:09]} Nxe4 {[%clk 01:59:24] [%emt 00:00:07]} d4
{[%clk 01:58:57] [%emt 00:00:17]} d5 {[%clk 01:59:15] [%emt 00:00:09]} Bd3
{[%clk 01:58:50] [%emt 00:00:07]} Nc6 {[%clk 01:59:06] [%emt 00:00:09]} O-O
{[%clk 01:57:39] [%emt 00:01:10]} Be7 {[%clk 01:59:01] [%emt 00:00:06]} Re1
{[%clk 01:48:56] [%emt 00:08:44]} Bg4 {[%clk 01:58:48] [%emt 00:00:13]} c4
{[%clk 01:29:50] [%emt 00:19:06]} Nf6 {[%clk 01:58:31] [%emt 00:00:16]} cxd5
{[%clk 01:29:01] [%emt 00:00:48]} Bxf3 {[%clk 01:47:09] [%emt 00:11:23]} Qxf3
{[%clk 01:27:09] [%emt 00:01:51]} Qxd5 {[%clk 01:46:25] [%emt 00:00:45]} Qxd5
{[%clk 01:03:42] [%emt 00:23:27]} Nxd5 {[%clk 01:46:16] [%emt 00:00:10]} Nc3
{[%clk 01:02:44] [%emt 00:00:58]} Ndb4 {[%clk 01:46:08] [%emt 00:00:08]} Be4
{[%clk 01:01:52] [%emt 00:00:51]} Nxd4 {[%clk 01:46:02] [%emt 00:00:06]} Be3
{[%clk 01:01:35] [%emt 00:00:16]} c5 {[%clk 01:45:58] [%emt 00:00:04]} Bxd4
{[%clk 00:55:25] [%emt 00:06:11]} cxd4 {[%clk 01:45:49] [%emt 00:00:09]} Nb5
{[%clk 00:55:20] [%emt 00:00:04]} Kf8 {[%clk 01:25:45] [%emt 00:20:04]} Rad1
{[%clk 00:38:47] [%emt 00:16:33]} Bf6 {[%clk 01:17:03] [%emt 00:08:42]} Nxd4
{[%clk 00:36:30] [%emt 00:02:17]} Rd8 {[%clk 01:13:44] [%emt 00:03:18]} Nb5
{[%clk 00:36:01] [%emt 00:00:29]} Rxd1 {[%clk 01:10:18] [%emt 00:03:27]} Rxd1
{[%clk 00:35:54] [%emt 00:00:06]} Ke7 {[%clk 01:07:32] [%emt 00:02:47]} Re1
{[%clk 00:32:57] [%emt 00:02:57]} Bxb2 {[%clk 01:03:49] [%emt 00:03:42]} Re2
{[%clk 00:24:36] [%emt 00:08:21]} Bc1 {[%clk 01:00:07] [%emt 00:03:42]} Re1
{[%clk 00:20:01] [%emt 00:04:35]} Bd2 {[%clk 00:58:25] [%emt 00:01:42]} Re2
{[%clk 00:19:57] [%emt 00:00:04]} Bc1 {[%clk 00:58:20] [%emt 00:00:05]} a3
{[%clk 00:13:21] [%emt 00:06:37]} a6 {[%clk 00:58:07] [%emt 00:00:12]} Bb1+
{[%clk 00:09:32] [%emt 00:03:49]} Kf6 {[%clk 00:50:12] [%emt 00:07:55]} Nd6
{[%clk 00:07:39] [%emt 00:01:53]} Nc6 {[%clk 00:49:13] [%emt 00:01:00]} h4
{[%clk 00:06:38] [%emt 00:01:01]} Bxa3 {[%clk 00:36:22] [%emt 00:12:51]} Ne8+
{[%clk 00:06:32] [%emt 00:00:06]} Rxe8 {[%clk 00:36:21] [%emt 00:00:02]} Rxe8
{[%clk 00:06:27] [%emt 00:00:06]} b6 {[%clk 00:35:50] [%emt 00:00:31]} Rc8
{[%clk 00:04:43] [%emt 00:01:43]} Ne5 {[%clk 00:32:20] [%emt 00:03:30]} f4
{[%clk 00:04:27] [%emt 00:00:16]} Bc5+ {[%clk 00:30:56] [%emt 00:01:25]} Kf1
{[%clk 00:03:41] [%emt 00:00:45]} Ng4 {[%clk 00:29:51] [%emt 00:01:06]} Rc6+
{[%clk 00:02:56] [%emt 00:00:45]} Ke7 {[%clk 00:29:50]} Rc7+ {[%clk 00:02:50]
[%emt 00:00:06]} Kf6 {[%clk 00:24:47] [%emt 00:05:03]} Rc6+ {[%clk 00:02:16]
[%emt 00:00:34]} Ke7 {[%clk 00:24:47]} Rc7+ {[%clk 00:02:15] [%emt 00:00:01]}
Kf6 {[%clk 00:24:22] [%emt 00:00:24]} Ba2 {[%clk 00:01:41] [%emt 00:00:35]} Ne3+
{[%clk 00:23:40] [%emt 00:00:42]} Ke2 {[%clk 00:32:08] [%emt 00:00:03]} Nxg2
{[%clk 00:54:02] [%emt 00:00:08]} Rxf7+ {[%clk 00:30:44] [%emt 00:01:54]} Kg6
{[%clk 00:54:31]} f5+ {[%clk 00:27:33] [%emt 00:03:42]} Kh6 {[%clk 00:54:56]
[%emt 00:00:05]} Kf3 {[%clk 00:26:55] [%emt 00:01:07]} Nxh4+ {[%clk 00:54:53]
[%emt 00:00:33]} Kg3 {[%clk 00:25:58] [%emt 00:01:27]} Kh5 {[%clk 00:52:21]
[%emt 00:03:01]} f6 {[%clk 00:24:01] [%emt 00:02:29]} gxf6 {[%clk 00:52:25]
[%emt 00:00:25]} Rxh7+ {[%clk 00:23:57] [%emt 00:00:34]} Kg5 {[%clk 00:52:54]
[%emt 00:00:01]} Rg7+ {[%clk 00:23:54] [%emt 00:00:32]} Kh6 {[%clk 00:53:01]
[%emt 00:00:23]} Ra7 {[%clk 00:23:48] [%emt 00:00:36]}

[Site "Europe Echecs"]